00745nam a2200205Ia 4500003000900000008004100009040001300050040001300063041000800076100002200084245016500106250001100271260000800282260000900290300001200299490000600311942000700317999001700324952019800341IT-RoPAU120407s9999 xx 000 0 und d aIT-RoPAU cIT-RoPAU aita aCornelio A Lapide a"I tesori di Cornelio Alapide, tratti dai suoi commentari sulla Sacra scrittura dall’abate Barbier. Nuova vers. italiana di Giulio Albera, Salesiano. 3a. ed." aTorino aSei c1930 c22,5 cm v3 cBK c14211d14211 00102ddc406220_100000000000000_371aPAULUSbPAULUSd2012-04-11l0o220.1.3r2012-04-11 00:00:00w2012-04-11yBKzInserito da: Anna In data: 07 agosto 2011 fondo: Via A.Severo 56 Progr:11568